000 00374nam a2200145Ia 4500
008 230718s9999 xx 000 0 und d
041 _aEng.
082 _a344.05
_bاحت-ک
100 _aاحتفاح محمود
245 0 _aکاموں کی تعبیر و تشریح
260 _aPakistan
_bمسوریک ھاؤس
_c1999
300 _a161
650 _aLaw
999 _c29238
_d29238